| 000 | 00734nam a2200205 a 4500 | ||
|---|---|---|---|
| 001 | BRCA_7478 | ||
| 005 | 20190321142934.0 | ||
| 008 | 240413s2013----it-a######---#000-0#ita-# | ||
| 041 | _aitaspa | ||
| 044 | _ait | ||
| 050 | 4 | _b.S47 2013 | |
| 245 | 1 | 0 | _a60 [i.e. Sesenta] Anni di Made in Italy = Sesenta años de made in Italy. |
| 260 |
_a[Italia] _bEmbajada de Italia en México _c2013 |
||
| 300 |
_a1 v. (sin paginación) _bil. (algunas a color) _c28 cm. |
||
| 500 | _aCatálogo de la exposición realizada en el Museo Franz Mayer (Ciudad de México), 14 marzo - 9 junio, 2013 | ||
| 546 | _aTexto en : italiano y español | ||
| 650 | 1 | 4 |
_aModa _xHistoria _zItalia _918408 |
| 740 | 0 | _aSesenta años de made in Italy | |
| 942 |
_2lcc _cB |
||
| 999 |
_c7153 _d7153 |
||